Le mois d'août - Statistiques

Statistiques générales
  • Ce quiz a été pris 26 fois
  • Le résultat moyen est 6 sur 16
Statistiques - réponses
Questions Réponses % Correct
Fête liturgique qui célèbre l'enlèvement au ciel de la très sainte Vierge Marie. Elle est jour férié en France et dans plusieurs pays d'Europe et du monde. Elle est célébrée le 15 août. L'Assomption
100%
Vacanciers qui privilégient les vacances au mois d'août par rapport au mois de juillet. Les aoûtiens
92%
Empereur romain païen qui s'est lui-même attribué ce mois, le nom "août" dérive de son propre nom. Auguste
80%
Arme qui a été larguée sur des civils japonais par les Américains à Hiroshima et Nagasaki les 6 et 9 août 1945. La bombe atomique
68%
Auteur-compositeur interprète français d'origine arménienne qui est également l'acteur principal du film "Paris au mois d'août" de Pierre Granier-Deferre (1966). Charles Aznavour
64%
Ouragan qui sévit du 23 au 31 août 2005, l'un des six plus violents jamais enregistrés, et l'un des plus puissants de l'histoire des États-Unis d'Amérique. Il a fait plus de 1 800 victimes et a notamment submergé toute la ville de La Nouvelle-Orléans. Katrina
44%
Pays européen dont la fête nationale est célébrée le 1er août, en souvenir d'un pacte signé en 1291. La Suisse
36%
Complétez ce dicton : « En août, de l'aube au soir, on n'a qu'une ____ pour s'asseoir. » Heure
28%
Bataille qui s'est déroulée le 15 août 778 entre l'Empire franc de Charlemagne et l'Émirat de Cordoue et qui a donné lieu à la célèbre "Chanson de Roland". La bataille de Roncevaux
20%
Épisode de la vie de Jésus Christ durant lequel Celui-ci change d'apparence corporelle pendant quelques instants de Sa vie terrestre, pour révéler Sa nature divine à trois disciples. Ce changement miraculeux est célébré le 6 août. La transfiguration
20%
Actuel département français dont la Convention prévoyait l'anéantissement dans un décret du 1er août 1793, ainsi que le déplacement de femmes, d'enfants et de vieillards. La Vendée
20%
Saint, Père et Docteur de l'Église, connu pour ses Confessions. Il est célébré le 28 août. Saint Augustin d'Hippone
20%
Ville de Toscane où se tient deux fois par an dont l'un en date du 16 août (pour commémorer la fête de Marie), un célèbre "palio", c'est-à-dire une course de chevaux sur sa Piazza del Campo, la place centrale de la ville. Sienne
20%
Explorateur français né en août 1741. Le 1er août 1785, il partit de Brest avec ses deux navires, la Boussole et l'Astrolabe, pour une expédition autour du monde dont il ne revint jamais, ses navires ayant fait naufrage. Jean-François de La Pérouse
16%
Ancienne colonie française de l'actuel Canada qui a choisi le 15 août et la fête de Marie pour "fête nationale". L'Acadie
16%
Saint italien de la région de Naples et docteur de l'Église, fondateur de la congrégation du Très Saint Rédempteur (les rédemptoristes). Il est fêté le 1er août : saint ______ de Liguori. Alphonse
4%
Aucun quiz correspondant
Distribution des résultats
% des personnes avec chaque résultat
Percentile par nombre de réponses
Votre historique - résultats
Vous n’avez pas pris ce quiz